| 000 | 00639cam a22002173a 4500 | ||
|---|---|---|---|
| 001 | 42540 | ||
| 003 | PGUSA | ||
| 005 | 20140828083949.0 | ||
| 008 | 130415s2013||||xxu|||||s|||||000 | eng d | ||
| 040 |
_aPGUSA _beng |
||
| 042 | _adc | ||
| 100 | 1 |
_aVoltaire, _d1694-1778 |
|
| 245 | 1 | 4 |
_aThe History of Peter the Great, Emperor of Russia _h[electronic resource] / _cVoltaire |
| 260 |
_bProject Gutenberg, _c2013 |
||
| 506 | _aPublic domain in the USA. | ||
| 516 | _aElectronic text | ||
| 700 | 1 |
_aSmollett, T. _q(Tobias), _d1721-1771 |
|
| 830 | 0 |
_aProject Gutenberg _v42540 |
|
| 856 | 4 | 0 | _uhttp://www.gutenberg.org/ebooks/42540 |
| 942 | _cEB | ||
| 999 |
_c271792 _d271792 |
||